| 000 | 00739nam a2200253Ia 4500 | ||
|---|---|---|---|
| 008 | 191130s1990##################000#0#eng## | ||
| 020 | _a9781439181034 | ||
| 022 | _a2010481687 | ||
| 040 |
_aACL _cACL |
||
| 082 | _a629.45 CAR | ||
| 100 | _aCarpenter, M. Scott | ||
| 245 |
_aWe seven _cby the astronauts themselves, M. Scott Carpenter ... [et al.] |
||
| 260 |
_aNew York _bSimon and Schuster Pbks _cc1990 |
||
| 300 | _a352 p. : ill. 24 cm | ||
| 500 | _aIncludes index | ||
| 650 | _aAstronauts - United States | ||
| 650 | _aProject Mercury (U.S.) | ||
| 700 | _aCooper, L Gordon | ||
| 700 | _aGlenn, John H | ||
| 700 | _aGrissom, Virgil I | ||
| 990 | _ae1efe16dac10000c32e99c4ecb88e359 | ||
| 991 | _a122460 | ||
| 999 |
_c93253 _d93253 |
||